Name a Valid Answer - British History - Statistics

General Stats
  • This quiz has been taken 15,197 times
  • The average score is 10 of 17
Answer Stats
Hint Answer % Correct
First name of one of Henry VIII's wives Catherine | Anne | Jane
96%
English royal dynasty that has existed since 1066 Normandy | Blois | Anjou | Plantagenet | Lancaster | York | Tudor | Stuart | Hanover | Saxe-Coburg and Gotha | Windsor
92%
King who died in battle Harold Godwinson | William the Conqueror |Richard the Lionheart | Richard III
86%
Charles Dickens book Oliver Twist | A Christmas Carol | Great Expectations | A Tale of Two Cities | +18 others
81%
Shakespeare comedy The Merchant of Venice | The Merry Wives of Windsor | A Midsummer Night's Dream | Much Ado About Nothing | Twelfth Night | + 9 others
75%
One of the seven Anglo-Saxon kingdoms East Anglia | Essex | Kent | Mercia | Northumbria | Sussex | Wessex
63%
City that has existed since "time immemorial", other than London Bangor | Canterbury | Exeter | Hereford | Lichfield | Wells | Winchester | Worcester | York
60%
One of the "Big 6" Romantic poets William Blake | William Wordsworth | Samuel Taylor Coleridge | Percy Shelley | John Keats | Lord Byron
60%
Prime Minister of the 19th century William Gladstone | Benjamin Disraeli | Lord Palmerston | Robert Peel | William Pitt the Younger | +15 others
57%
The most well known ship used by either Darwin, Nelson, or Shackleton HMS Beagle | HMS Victory | Endurance
56%
Name of an English king who ruled before 1000 A.D. Alfred | Edward | Æthelstan | Edmund | Eadred | Eadwig | Edgar | Æthelred
55%
Musical group from Greater Manchester with a UK platinum album in the 1980s or 1990s Oasis | The Smiths | The Chemical Brothers | The Stone Roses | Take That | New Order | The Verve
54%
Bennet sister in "Pride and Prejudice" Elizabeth | Jane | Kitty | Lydia | Mary
52%
Player who scored a goal for England in the 1966 World Cup Geoff Hurst | Bobby Charlton | Roger Hunt | Martin Peters
38%
Chancellor of King Henry VIII Thomas Wolsey | Thomas More | Thomas Audley | Thomas Wriothesley
30%
Character from "Canterbury Tales" Knight | Miller | Wife of Bath | Friar | Merchant |Squire | Monk | + many others
30%
Major work by Gilbert and Sullivan The Pirates of Penzance | H.M.S. Pinafore | +13 others
30%
No matching quizzes found
Score Distribution
Percent of People with Each Score
Percentile by Number Answered
Your Score History
You have not taken this quiz